[Event "Solingen-ch 2015"]
[Site "Solingen"]
[Date "2015.09.18"]
[Round "2.10"]
[White "Mentzel, Markus"]
[Black "Mix, Lothar"]
[Result "1-0"]
[WhiteElo "1950"]
[BlackElo "1241"]
[PlyCount "55"]
[EventDate "2015.??.??"]
[WhiteTeam "SG Solingen"]
[BlackTeam "SG Solingen"]

1. c4 b6 2. Nc3 Bb7 3. e4 e6 4. d4 a6 5. Nf3 Bb4 6. Bd3 Ne7 7. O-O O-O 8. d5
Bxc3 9. bxc3 Qe8 10. Ba3 d6 11. Re1 Nd7 12. Qc2 e5 13. Rab1 Rb8 14. Nd2 Ng6 15.
g3 Qd8 16. Nf1 Qg5 17. Bc1 Qd8 18. Ne3 Nf6 19. Qe2 Bc8 20. Nf5 Re8 21. Qf3 Ne7
22. Bg5 Ng6 23. Kg2 h6 24. Nxh6+ Kf8 25. Nf5 Qd7 26. Bxf6 gxf6 27. Qh5 Ne7 28.
Qh6+ 1-0

[Event "Solingen-ch 2015"]
[Site "Solingen"]
[Date "2015.09.18"]
[Round "2.13"]
[White "Fodor, Bernhard"]
[Black "Alexopoulos, Dr. Spiros"]
[Result "0-1"]
[WhiteElo "1381"]
[BlackElo "1931"]
[PlyCount "62"]
[EventDate "2015.??.??"]
[WhiteTeam "SG Solingen"]
[BlackTeam "Aachener SV"]

1. f4 c5 2. Nf3 d5 3. Nc3 Nf6 4. g3 d4 5. Nb5 a6 6. Na3 b5 7. c4 b4 8. Qa4+ Bd7
9. Nb5 Nc6 10. Qc2 Qb6 11. d3 axb5 12. e4 bxc4 13. Qg2 b3 14. e5 Rxa2 15. Rxa2
bxa2 16. Be2 a1=Q 17. O-O c3 18. bxc3 Nd5 19. Bd2 Qa2 20. Ng5 Qxd2 21. Qxd5 e6
22. Qg2 Qe3+ 23. Rf2 Qb1+ 24. Bf1 Qbe1 25. Nh3 dxc3 26. Kh1 Qxd3 27. Ng1 Qde4
28. Nf3 Qd1 29. Re2 Qexe2 30. Qxe2 Qxe2 31. Bxe2 c2 0-1

[Event "Solingen-ch 2015"]
[Site "Solingen"]
[Date "2015.09.18"]
[Round "2.14"]
[White "Johann, Hans Werner"]
[Black "Nguyen, Gia Huy Philipp"]
[Result "0-1"]
[WhiteElo "1332"]
[BlackElo "1858"]
[PlyCount "94"]
[EventDate "2015.??.??"]
[WhiteTeam "TV Witzhelden"]
[BlackTeam "SG Solingen"]

1. d4 d5 2. e3 Nf6 3. Nf3 e6 4. a3 Nbd7 5. Be2 Be7 6. b4 O-O 7. Bb2 a5 8. bxa5
Rxa5 9. O-O b6 10. Nbd2 Ra8 11. c4 Ba6 12. cxd5 exd5 13. Bxa6 Rxa6 14. Qb3 Bd6
15. Ne5 Qa8 16. Nxd7 Nxd7 17. Rfc1 Ra5 18. Qc3 Nf6 19. h3 Re8 20. Re1 h6 21.
Rec1 c5 22. dxc5 Be5 23. Qb3 Bxb2 24. Qxb2 bxc5 25. Qc3 Rc8 26. Qd3 c4 27. Qc3
Rb8 28. Rc2 Rd8 29. Rca2 Ne8 30. Qd4 Nc7 31. Nb1 Nb5 32. Qd2 d4 33. exd4 Nxd4
34. Qb4 Nb3 35. Qxc4 Nxa1 36. Rxa1 Rd1+ 37. Kh2 Qb8+ 38. g3 Qb7 39. g4 Qh1+ 40.
Kg3 Rg1+ 41. Kf4 g5+ 42. Ke3 Re5+ 43. Kd2 Rd1+ 44. Kc3 Rc1+ 45. Kb2 Rxc4 46.
Nd2 Qb7+ 47. Nb3 Re2+ 0-1

[Event "Solingen-ch 2015"]
[Site "Solingen"]
[Date "2015.09.18"]
[Round "2.15"]
[White "Falge, Rainer"]
[Black "Barche, Uwe"]
[Result "0-1"]
[WhiteElo "1748"]
[BlackElo "1412"]
[PlyCount "110"]
[EventDate "2015.??.??"]
[WhiteTeam "SG Solingen"]
[BlackTeam "SG Solingen"]

1. e4 e6 2. Bc4 c5 3. Nf3 Nc6 4. Nc3 a6 5. a4 Nge7 6. O-O d5 7. exd5 Nxd5 8.
Nxd5 exd5 9. Re1+ Be6 10. Bf1 Bd6 11. d4 h6 12. dxc5 Bxc5 13. Be3 Bxe3 14. Rxe3
O-O 15. c3 Re8 16. Qe1 d4 17. cxd4 Nxd4 18. Rd1 Nxf3+ 19. Rxf3 Qb6 20. b3 Bg4
21. Qc3 Bxf3 22. Qxf3 Qc7 23. Bc4 Rad8 24. Rc1 Qe7 25. Rf1 Rd6 26. Qf4 Red8 27.
Qc1 Qd7 28. Be2 Re8 29. Bc4 b5 30. Bxf7+ Qxf7 31. axb5 axb5 32. Qc5 Qd5 33. Qc2
Qd3 34. Qc5 Rde6 35. h3 Re1 36. Rxe1 Rxe1+ 37. Kh2 Qxb3 38. Qc8+ Kh7 39. Qf5+
Kh8 40. Qf8+ Qg8 41. Qb4 Qb8+ 42. f4 Rf1 43. Kg3 Qe8 44. Qd2 Qe1+ 45. Qxe1 Rxe1
46. Kg4 b4 47. Kh5 b3 48. g4 b2 49. h4 b1=Q 50. f5 Kh7 51. g5 hxg5 52. f6 Qd1+
53. Kxg5 gxf6+ 54. Kxf6 Qf3+ 55. Kg5 Rg1# 0-1

[Event "Solingen-ch 2015"]
[Site "Solingen"]
[Date "2015.09.18"]
[Round "2.16"]
[White "Littek, Oliver"]
[Black "Möller, Laura"]
[Result "1-0"]
[WhiteElo "1137"]
[BlackElo "1736"]
[PlyCount "65"]
[EventDate "2015.??.??"]
[WhiteTeam "SG Solingen"]
[BlackTeam "SG Solingen"]

1. e4 c5 2. Nc3 Nc6 3. Bc4 g6 4. Nf3 Bg7 5. O-O Nf6 6. d3 O-O 7. Bf4 e6 8. Bd6
Re8 9. Bxc5 d5 10. exd5 exd5 11. Bb3 b6 12. Ba4 Bd7 13. Be3 Ng4 14. Nxd5 Bxb2
15. Rb1 Bg7 16. Qd2 Nce5 17. Nxe5 Rxe5 18. Bxd7 Qxd7 19. c4 Qd6 20. Bf4 Rae8
21. d4 f6 22. dxe5 fxe5 23. Qd1 h5 24. Re1 Rf8 25. h3 Nf6 26. Nxf6+ Qxf6 27.
Be3 Qf5 28. Rb2 e4 29. Rd2 Bc3 30. Rd5 Qf6 31. Rf1 Be5 32. Bd4 Bxd4 33. Qxd4
1-0

[Event "Solingen-ch 2015"]
[Site "Solingen"]
[Date "2015.09.18"]
[Round "2.17"]
[White "Skiber, Friedel"]
[Black "Wolf, Wieland"]
[Result "1-0"]
[WhiteElo "1730"]
[BlackElo "1374"]
[PlyCount "98"]
[EventDate "2015.??.??"]
[WhiteTeam "SG Solingen"]
[BlackTeam "SG Solingen"]

1. e4 e5 2. f4 exf4 3. Nf3 Be7 4. Bc4 d6 5. O-O Bg4 6. c3 Nd7 7. d4 Ngf6 8. Qe2
O-O 9. Bxf4 c5 10. Nbd2 Qb6 11. Nb3 cxd4 12. cxd4 Qc6 13. Bd3 Nh5 14. Be3 Ndf6
15. Rac1 Qd7 16. Qf2 g6 17. Ng5 h6 18. Nf3 Kg7 19. e5 Nd5 20. Bd2 Nhf4 21. Be4
Qe6 22. Ne1 g5 23. Nd3 Nxd3 24. Bxd3 dxe5 25. dxe5 Qxe5 26. Nd4 Bb4 27. Bxb4
Nxb4 28. Bb1 Nd5 29. h3 Bd7 30. Rce1 Qd6 31. Nf5+ Bxf5 32. Qxf5 Nf6 33. Rd1
Qb6+ 34. Rf2 Rae8 35. Rdf1 Re2 36. Kh1 Rxf2 37. Rxf2 Re8 38. Kh2 Qd6+ 39. g3
Re3 40. Rg2 Re1 41. Rf2 Re3 42. Rg2 Qe6 43. Qf2 g4 44. Bf5 Qe5 45. hxg4 Nd5 46.
Qc2 Re1 47. Qd2 Re3 48. Bc2 Nf6 49. Bf5 Ne4 1-0

[Event "Solingen-ch 2015"]
[Site "Solingen"]
[Date "2015.09.18"]
[Round "2.18"]
[White "Schubert, Stefan"]
[Black "Meyer zu Kniendorf, Jochen"]
[Result "0-1"]
[WhiteElo "1133"]
[BlackElo "1670"]
[PlyCount "94"]
[EventDate "2015.??.??"]
[WhiteTeam "SG Solingen"]
[BlackTeam "Düsseldorfer SK"]

1. e4 g6 2. Bc4 Bg7 3. Nf3 d6 4. O-O Nd7 5. d3 h6 6. Nc3 a6 7. Rb1 c6 8. Be3 b5
9. Bb3 a5 10. a4 b4 11. Ne2 Nc5 12. c4 Nxb3 13. Qxb3 c5 14. d4 Qc7 15. Nf4 e6
16. Rfe1 Ne7 17. d5 e5 18. h3 exf4 19. Bxf4 f6 20. Bh2 O-O 21. Nd2 f5 22. Rbd1
f4 23. Nf3 g5 24. Rd3 Ng6 25. Nd2 Ne5 26. Rf3 Qf7 27. g4 Nxf3+ 28. Nxf3 Re8 29.
Qc2 Bd7 30. b3 Re7 31. Nd2 Bd4 32. Kf1 h5 33. Nf3 Bf6 34. e5 dxe5 35. Qe4 Rae8
36. d6 Re6 37. Qd5 e4 38. Nxg5 Bxg5 39. Qxg5+ Qg6 40. Qxc5 Rxd6 41. Bxf4 Rf6
42. gxh5 Bxh3+ 43. Ke2 Qg4+ 44. Ke3 Qxf4+ 45. Kd4 Rd8+ 46. Qd5+ Rxd5+ 47. cxd5
Qxf2+ 0-1

[Event "Solingen-ch 2015"]
[Site "Solingen"]
[Date "2015.09.18"]
[Round "2.19"]
[White "Ehringfeld, Michael"]
[Black "Schubert, Florian"]
[Result "1-0"]
[WhiteElo "1553"]
[BlackElo "1137"]
[PlyCount "41"]
[EventDate "2015.??.??"]
[WhiteTeam "SG Solingen"]
[BlackTeam "SG Solingen"]

1. d4 d5 2. Nf3 Nf6 3. Bg5 Nc6 4. e3 Ne4 5. Bf4 Bf5 6. a3 e6 7. c4 Qd7 8. Nbd2
Bd6 9. Bxd6 Qxd6 10. c5 Qd7 11. Bb5 a6 12. Ne5 Qe7 13. Nxc6 bxc6 14. Bxc6+ Kd8
15. Bxa8 c6 16. Bxc6 e5 17. O-O Qg5 18. Nf3 Qg6 19. Nxe5 Qe6 20. Qa4 f6 21.
Qa5+ 1-0

[Event "Solingen-ch 2015"]
[Site "Solingen"]
[Date "2015.10.02"]
[Round "3.1"]
[White "Schockenbäumer, Dirk"]
[Black "Kniest, Oliver"]
[Result "1/2-1/2"]
[WhiteElo "2161"]
[BlackElo "2291"]
[PlyCount "92"]
[EventDate "2015.??.??"]
[WhiteTeam "SG Solingen"]
[BlackTeam "SG Solingen"]

1. e4 e5 2. Nf3 Nc6 3. Bb5 Nd4 4. Nxd4 exd4 5. O-O Bc5 6. d3 c6 7. Bc4 d5 8.
exd5 cxd5 9. Bb5+ Kf8 10. Re1 Ne7 11. c4 Be6 12. Na3 a6 13. cxd5 Nxd5 14. Bc4
Qd7 15. Bd2 b5 16. b4 Be7 17. Bb3 Bg4 18. Bxd5 Bxd1 19. Bxa8 Bg4 20. Rac1 f6
21. Bc6 Qd8 22. Nc2 Qd6 23. Na1 Kf7 24. Nb3 Rc8 25. Na5 Bf5 26. Rc5 Be6 27. a3
Qb8 28. Bd5 Bxd5 29. Rxd5 Bd6 30. Rxd4 Bxh2+ 31. Kh1 Bd6 32. Nb7 Qxb7 33. Rxd6
Re8 34. Be3 f5 35. Rc1 Re6 36. Rd8 Qe7 37. Ra8 Qh4+ 38. Kg1 f4 39. Ra7+ Re7 40.
Rcc7 Rxc7 41. Rxc7+ Ke6 42. Bc5 Qg4 43. f3 Qh4 44. Rxg7 Qe1+ 45. Kh2 Qh4+ 46.
Kg1 Qe1+ 1/2-1/2

[Event "Solingen-ch 2015"]
[Site "Solingen"]
[Date "2015.10.02"]
[Round "3.2"]
[White "Lemanczyk, Thomas"]
[Black "Zolfagharian, Kevin"]
[Result "1/2-1/2"]
[WhiteElo "2224"]
[BlackElo "2110"]
[PlyCount "34"]
[EventDate "2015.??.??"]
[WhiteTeam "SG Solingen"]
[BlackTeam "SG Solingen"]

1. Nf3 d5 2. b3 Nf6 3. Bb2 Bg4 4. e3 Nbd7 5. Be2 c6 6. Ne5 Nxe5 7. Bxe5 Nd7 8.
Bb2 Bf5 9. Bg4 Bg6 10. d3 e6 11. Nd2 Nf6 12. Bf3 Bb4 13. a3 Ba5 14. Qe2 O-O 15.
O-O Re8 16. Rad1 e5 17. e4 Bc7 1/2-1/2

[Event "Solingen-ch 2015"]
[Site "Solingen"]
[Date "2015.10.02"]
[Round "3.3"]
[White "Görke, Joachim"]
[Black "Peschel, Andreas"]
[Result "1-0"]
[WhiteElo "2105"]
[BlackElo "2165"]
[PlyCount "99"]
[EventDate "2015.??.??"]
[WhiteTeam "SG Solingen"]
[BlackTeam "SG Solingen"]

1. c4 e6 2. Nc3 d5 3. d4 c6 4. cxd5 exd5 5. Nf3 Bf5 6. Qb3 Qb6 7. Qxb6 axb6 8.
Bf4 Nf6 9. Be5 Na6 10. Nh4 Be6 11. Bxf6 gxf6 12. e3 Nb4 13. Kd2 Bh6 14. a3 c5
15. axb4 O-O 16. Bd3 cxd4 17. Ne2 dxe3+ 18. fxe3 Rfe8 19. Rxa8 Rxa8 20. Nd4 Bf8
21. Nc2 Ra2 22. Kc3 Bd6 23. Nf3 Ra8 24. Nfd4 Kh8 25. g3 h5 26. Ra1 Rc8+ 27. Kd2
h4 28. Nf5 Bxf5 29. Bxf5 Rg8 30. gxh4 Rg2+ 31. Kd3 Rxh2 32. Ra7 Rxh4 33. Rxb7
Rh5 34. Bc8 f5 35. Rxb6 Be5 36. Rb5 Kg7 37. Rxd5 Kf6 38. Nd4 Rh8 39. Bxf5 Ra8
40. e4 Ra2 41. Kc2 Ra4 42. Kb3 Ra8 43. b5 Bg3 44. Nc6 Bf2 45. Nd4 Bg1 46. e5+
Kg7 47. Kc4 Ra4+ 48. b4 Bf2 49. b6 Ra6 50. Kb5 1-0

[Event "Solingen-ch 2015"]
[Site "Solingen"]
[Date "2015.10.02"]
[Round "3.4"]
[White "Kesseler, Heiko"]
[Black "Mentzel, Markus"]
[Result "1-0"]
[WhiteElo "2012"]
[BlackElo "1950"]
[PlyCount "37"]
[EventDate "2015.??.??"]
[WhiteTeam "Elberfelder SG"]
[BlackTeam "SG Solingen"]

1. e4 c6 2. c4 d5 3. exd5 cxd5 4. d4 Nf6 5. Nc3 e6 6. Nf3 Bb4 7. Bd2 O-O 8. Bd3
dxc4 9. Bxc4 b6 10. O-O Bb7 11. a3 Bxc3 12. Bxc3 Nbd7 13. Re1 Bd5 14. Bd3 Re8
15. Ne5 Nxe5 16. dxe5 Nd7 17. Qh5 g6 18. Qh6 Nc5 19. Re3 1-0

[Event "Solingen-ch 2015"]
[Site "Solingen"]
[Date "2015.10.02"]
[Round "3.5"]
[White "Pentz, Jörg"]
[Black "Flesch, Dr. Stefan"]
[Result "0-1"]
[WhiteElo "1985"]
[BlackElo "2073"]
[PlyCount "30"]
[EventDate "2015.??.??"]
[WhiteTeam "SG Solingen"]
[BlackTeam "SG Solingen"]

1. e4 g6 2. d4 Bg7 3. Nc3 d6 4. Be3 a6 5. Qd2 Nd7 6. Be2 b5 7. a3 Bb7 8. f4 c5
9. Bf3 Nb6 10. b3 Qc7 11. Nge2 Nf6 12. O-O b4 13. axb4 cxb4 14. Na4 Nxe4 15.
Qxb4 Nd5 0-1

[Event "Solingen-ch 2015"]
[Site "Solingen"]
[Date "2015.10.02"]
[Round "3.6"]
[White "Vranidis, Athanassios"]
[Black "Borchert, Stephan"]
[Result "0-1"]
[WhiteElo "1942"]
[BlackElo "1850"]
[PlyCount "90"]
[EventDate "2015.??.??"]
[WhiteTeam "SG Solingen"]
[BlackTeam "SG Solingen"]

1. d4 Nf6 2. c4 e6 3. Nc3 Bb4 4. Qc2 b6 5. a3 Bxc3+ 6. Qxc3 Ne4 7. Qc2 Bb7 8.
Nh3 O-O 9. f3 Nd6 10. e4 Nc6 11. Be3 a5 12. Bd3 f5 13. O-O a4 14. c5 bxc5 15.
dxc5 fxe4 16. cxd6 exd3 17. dxc7 Qxc7 18. Qc3 Qe5 19. Qxe5 Nxe5 20. Bd4 Nc4 21.
Nf2 Nd2 22. Nxd3 Nxf1 23. Kxf1 Ba6 24. Ke2 Rf5 25. Ke3 Bxd3 26. Kxd3 Rd5 27.
Ke3 Rc8 28. Bc3 Kf7 29. Re1 Rc4 30. Kf2 d6 31. Re2 e5 32. g3 g5 33. Kg2 Rd3 34.
Bb4 Ke6 35. Kf2 h5 36. h3 d5 37. Bd2 g4 38. fxg4 hxg4 39. hxg4 Rxg4 40. Bf4 e4
41. Rc2 d4 42. Rc5 Rf3+ 43. Ke2 d3+ 44. Kd2 Rf2+ 45. Kc3 Rc2+ 0-1

[Event "Solingen-ch 2015"]
[Site "Solingen"]
[Date "2015.10.02"]
[Round "3.7"]
[White "Brinkmann, Katharina"]
[Black "Speck, Stefan"]
[Result "1/2-1/2"]
[WhiteElo "1763"]
[BlackElo "1995"]
[PlyCount "72"]
[EventDate "2015.??.??"]
[WhiteTeam "SV Grünfeld"]
[BlackTeam "SC Solingen 28"]

1. d4 c5 2. dxc5 e6 3. Nf3 Bxc5 4. e3 Nc6 5. c4 Nf6 6. Nc3 O-O 7. a3 b6 8. Bd3
Bb7 9. O-O Rc8 10. Ne4 Be7 11. Nxf6+ Bxf6 12. Qc2 g6 13. Qe2 Qc7 14. e4 Rfe8
15. Rb1 d5 16. Bd2 Ne5 17. cxd5 Nxd3 18. Qxd3 exd5 19. e5 Bg7 20. Rbc1 Qd7 21.
Bc3 Qg4 22. Bd4 Rc4 23. h3 Qc8 24. Rxc4 dxc4 25. Qc3 Bxf3 26. Qxf3 Bxe5 27.
Bxe5 Rxe5 28. Qc3 Qe6 29. Rd1 Qe7 30. Qxc4 Re1+ 31. Rxe1 Qxe1+ 32. Qf1 Qd2 33.
b3 Qb2 34. Qa6 Qxb3 35. Qxa7 Qd1+ 36. Kh2 Qd6+ 1/2-1/2

[Event "Solingen-ch 2015"]
[Site "Solingen"]
[Date "2015.10.02"]
[Round "3.8"]
[White "Alexopoulos, Dr. Spiros"]
[Black "Skiber, Friedel"]
[Result "1/2-1/2"]
[WhiteElo "1931"]
[BlackElo "1730"]
[PlyCount "58"]
[EventDate "2015.??.??"]
[WhiteTeam "Aachener SV"]
[BlackTeam "SG Solingen"]

1. c4 e6 2. g3 d5 3. Bg2 Nf6 4. Nf3 dxc4 5. Qa4+ Nbd7 6. Qxc4 a6 7. O-O Rb8 8.
b3 b5 9. Qc2 c5 10. d3 Be7 11. Bf4 Rb6 12. d4 Bb7 13. dxc5 Bxc5 14. Rd1 Nd5 15.
Ne5 Nxe5 16. Bxe5 Rc6 17. Qb2 f6 18. e4 fxe5 19. exd5 O-O 20. Qxe5 Rxf2 21. Kh1
Rd6 22. Nc3 Rf5 23. Qe4 b4 24. Qc4 bxc3 25. Qxc5 Bxd5 26. Bxd5 Rfxd5 27. Rxd5
Rxd5 28. Qxc3 Rd3 29. Qc4 Qa8+ 1/2-1/2

[Event "Solingen-ch 2015"]
[Site "Solingen"]
[Date "2015.10.02"]
[Round "3.9"]
[White "Sherif, Malik"]
[Black "Ferger, Jürgen"]
[Result "0-1"]
[WhiteElo "1761"]
[BlackElo "1915"]
[PlyCount "54"]
[EventDate "2015.??.??"]
[WhiteTeam "SG Solingen"]
[BlackTeam "SG Solingen"]

1. c4 Nf6 2. Nc3 g6 3. g3 Bg7 4. Bg2 O-O 5. d4 d6 6. Nf3 Nbd7 7. O-O Nb6 8. Qd3
Bf5 9. e4 Be6 10. d5 Bg4 11. Re1 Nfd7 12. Be3 Bxf3 13. Bxf3 Ne5 14. Qe2 Nbxc4
15. Bg2 c5 16. Rac1 Qa5 17. b3 Nxe3 18. Qxe3 Ng4 19. Qd2 Bd4 20. Re2 f5 21. h3
Nxf2 22. Rxf2 fxe4 23. Bxe4 Rxf2 24. Qxf2 Rf8 25. Qxd4 cxd4 26. Na4 Qd2 27. Rf1
Qe3+ 0-1

[Event "Solingen-ch 2015"]
[Site "Solingen"]
[Date "2015.10.02"]
[Round "3.10"]
[White "Boschek, Dr. Hans-Joachim"]
[Black "Ehringfeld, Michael"]
[Result "0-1"]
[WhiteElo "1910"]
[BlackElo "1553"]
[PlyCount "48"]
[EventDate "2015.??.??"]
[WhiteTeam "SG Solingen"]
[BlackTeam "SG Solingen"]

1. c4 Nf6 2. g3 g6 3. Bg2 Bg7 4. Nc3 O-O 5. e4 d6 6. Nge2 c5 7. O-O Nc6 8. d3
Ne8 9. Be3 Nd4 10. Qd2 Bg4 11. f3 Bd7 12. Nd5 Nc7 13. Nec3 Nxd5 14. exd5 Nf5
15. Bf2 a6 16. a4 Rb8 17. Rab1 Nd4 18. Rfe1 b5 19. axb5 axb5 20. cxb5 Nxb5 21.
Nxb5 Rxb5 22. d4 Bf5 23. Rbc1 cxd4 24. f4 d3 0-1

[Event "Solingen-ch 2015"]
[Site "Solingen"]
[Date "2015.10.02"]
[Round "3.11"]
[White "Nguyen, Gia Huy Philipp"]
[Black "Littek, Oliver"]
[Result "1/2-1/2"]
[WhiteElo "1858"]
[BlackElo "1137"]
[PlyCount "102"]
[EventDate "2015.??.??"]
[WhiteTeam "SG Solingen"]
[BlackTeam "SG Solingen"]

1. e4 e5 2. Nf3 Nc6 3. Bb5 Nge7 4. Nc3 d6 5. O-O a6 6. Ba4 b5 7. Bb3 Ng6 8. a4
bxa4 9. Bxa4 Bd7 10. d3 Be7 11. Be3 O-O 12. Nd5 Rb8 13. Qd2 f5 14. exf5 Rxf5
15. Qc3 Nd4 16. Nxd4 exd4 17. Qxd4 Bxa4 18. Nxe7+ Qxe7 19. Rxa4 c5 20. Qc3 Rbf8
21. Rxa6 Qxe3 22. h3 Rxf2 23. Qc4+ Kh8 24. Rxf2 Qxf2+ 25. Kh2 Nh4 26. Qe4 g6
27. Kh1 Qg3 28. Ra1 Kg7 29. Qe7+ Rf7 30. Qe4 Rf2 31. Rg1 Rxc2 32. d4 Rxb2 33.
dxc5 dxc5 34. Qd5 Rc2 35. Qd7+ Kh6 36. Qd5 c4 37. Qa8 c3 38. Qf8+ Kh5 39. Qc5+
g5 40. Qc6 Rxg2 41. Qe8+ Ng6 42. Rxg2 Qf3 43. Qb5 Qd1+ 44. Kh2 Qd6+ 45. Kg1
Qd4+ 46. Kh1 Qd1+ 47. Kh2 h6 48. Qc4 Qd6+ 49. Kh1 Qd1+ 50. Rg1 Qf3+ 51. Rg2
Qd1+ 1/2-1/2

[Event "Solingen-ch 2015"]
[Site "Solingen"]
[Date "2015.10.02"]
[Round "3.12"]
[White "Fränzel, Dr. Marius"]
[Black "Bashylina, Luisa"]
[Result "1/2-1/2"]
[WhiteElo "1803"]
[BlackElo "1127"]
[PlyCount "123"]
[EventDate "2015.??.??"]
[WhiteTeam "SG Solingen"]
[BlackTeam "SG Solingen"]

1. e4 e5 2. Nf3 d6 3. d4 exd4 4. Nxd4 Be7 5. Nc3 Nf6 6. g3 O-O 7. Bg2 h6 8. O-O
Nbd7 9. b3 Nc5 10. Bb2 Bg4 11. Qd2 Qd7 12. f3 Bh3 13. Rad1 Bxg2 14. Kxg2 Rfe8
15. Nf5 Qc6 16. Rfe1 Bf8 17. Qf4 Rad8 18. Nxh6+ gxh6 19. Qxf6 Bg7 20. Qf5 Re6
21. Ba1 Rg6 22. Nd5 Qd7 23. Bxg7 Qxf5 24. Ne7+ Kxg7 25. Nxf5+ Kf8 26. e5 a6 27.
exd6 cxd6 28. Rd5 b5 29. Red1 Nb7 30. Kf2 Re6 31. R1d2 Rg6 32. Ne7 Kxe7 33. f4
Nc5 34. Kf3 Re6 35. b4 Ne4 36. R2d3 Nf6 37. R5d4 Rc8 38. c3 Rc4 39. f5 Rxd4 40.
Rxd4 Re1 41. Rd2 Rc1 42. Re2+ Kd7 43. Re3 Rc2 44. h4 Rxa2 45. g4 Ra1 46. g5
hxg5 47. hxg5 Ng8 48. Ke4 Rg1 49. Kf4 Ne7 50. Rf3 Rg2 51. Rf1 Nd5+ 52. Ke4
Nxc3+ 53. Kd4 Na4 54. g6 f6 55. Rf4 Re2 56. Re4 Rxe4+ 57. Kxe4 Ke7 58. Kd4 Kf8
59. Kd5 Ke7 60. Kc6 d5 61. Kxd5 Kf8 62. Kd4 1/2-1/2

[Event "Solingen-ch 2015"]
[Site "Solingen"]
[Date "2015.10.02"]
[Round "3.13"]
[White "Meyer zu Kniendorf, Jochen"]
[Black "Meckel, Helmut"]
[Result "0-1"]
[WhiteElo "1670"]
[BlackElo "1772"]
[PlyCount "74"]
[EventDate "2015.??.??"]
[WhiteTeam "Düsseldorfer SK"]
[BlackTeam "SG Solingen"]

1. c4 e5 2. g3 f5 3. Bg2 Nf6 4. Nc3 c6 5. d3 d6 6. e3 Be6 7. b3 Be7 8. Nge2 d5
9. Qc2 Na6 10. a3 Nc5 11. b4 dxc4 12. dxc4 Ncd7 13. Nb1 a5 14. bxa5 Rxa5 15.
Nd2 Qa8 16. O-O O-O 17. Qc3 Ra4 18. Bb2 Qa5 19. Qc1 Nc5 20. Bxe5 Nd3 21. Bc3
Nxc1 22. Bxa5 Nxe2+ 23. Kh1 Rxa5 24. Rfe1 Nc3 25. f3 Rfa8 26. Nb3 Rxa3 27. Rxa3
Rxa3 28. Nd4 Bxc4 29. Nxf5 Bb4 30. Rc1 Rb3 31. Nd4 Rb1 32. Rxb1 Nxb1 33. h4 Bc5
34. Bh3 Bd5 35. Kg2 Bxd4 36. exd4 Nd2 37. Kf2 Nxf3 0-1

[Event "Solingen-ch 2015"]
[Site "Solingen"]
[Date "2015.10.02"]
[Round "3.14"]
[White "Barche, Uwe"]
[Black "Kaiser, Stephan"]
[Result "1/2-1/2"]
[WhiteElo "1412"]
[BlackElo "1889"]
[PlyCount "55"]
[EventDate "2015.??.??"]
[WhiteTeam "SG Solingen"]
[BlackTeam "SG Solingen"]

1. c4 c5 2. g3 Nc6 3. Bg2 Nf6 4. Nf3 g6 5. Nc3 Bg7 6. d4 cxd4 7. Nxd4 O-O 8.
Nxc6 dxc6 9. O-O e5 10. b4 Qc7 11. Qb3 Be6 12. a4 a6 13. a5 Nd7 14. Na4 f5 15.
Be3 e4 16. Rac1 Rab8 17. Nc5 Bf7 18. Nxd7 Qxd7 19. Rfd1 Qe6 20. Bd4 Bh6 21. e3
Rbd8 22. Bf1 Rd7 23. Qc3 Rfd8 24. Be2 Bf8 25. c5 Qe8 26. Bc4 Bd5 27. Bf6 Be7
28. Bd4 1/2-1/2

[Event "Solingen-ch 2015"]
[Site "Solingen"]
[Date "2015.10.02"]
[Round "3.15"]
[White "Bauer, Matthias"]
[Black "Rebischke, Florian"]
[Result "0-1"]
[WhiteElo "1693"]
[BlackElo "1617"]
[PlyCount "134"]
[EventDate "2015.??.??"]
[WhiteTeam "SV Günnigfeld"]
[BlackTeam "Godesberger SK"]

1. d4 Nf6 2. Nf3 g6 3. c3 Bg7 4. h3 d6 5. Bf4 Nbd7 6. Nbd2 b6 7. e4 Bb7 8. Qc2
e6 9. Bd3 Qe7 10. O-O-O Nh5 11. Bg5 f6 12. Be3 g5 13. e5 O-O-O 14. exd6 cxd6
15. Bxh7 Nf4 16. Bxf4 gxf4 17. Be4 d5 18. Bd3 e5 19. Bf5 e4 20. Rde1 Qd6 21.
Nxe4 dxe4 22. Bxe4 Rde8 23. Bxb7+ Kxb7 24. Qg6 Re7 25. Rxe7 Qxe7 26. Re1 Qf8
27. Qe4+ Kc7 28. Qf5 Qf7 29. Kb1 Rh5 30. Qxf4+ Kd8 31. Qe4 Ra5 32. Qe6 Qg6+ 33.
Qe4 Qf7 34. b3 Bf8 35. Nh4 Ra3 36. Qa8+ Kc7 37. Kb2 Qh7 38. Qe4 Qh6 39. Re2 Ra5
40. b4 Ra4 41. Nf5 Qg5 42. Re3 Qg8 43. d5 b5 44. Rg3 Qf7 45. Qe6 Qh7 46. Qc6+
Kd8 47. Qa8+ Kc7 48. Qc6+ Kd8 49. Rf3 Qf7 50. Qa8+ Kc7 51. Qc6+ Kd8 52. Qxb5
Nb6 53. Qc6 Ra6 54. Rd3 Na4+ 55. Kb3 Rxc6 56. Kxa4 Ra6+ 57. Kb3 Qg6 58. g4 Qg5
59. Nd4 Qc1 60. Ne6+ Ke7 61. Re3 Qa3+ 62. Kc4 Qxa2+ 63. Kd3 Kf7 64. Nc7 Qb1+
65. Ke2 Ra2+ 66. Kf3 Qh1+ 67. Kg3 Bd6+ 0-1

[Event "Solingen-ch 2015"]
[Site "Solingen"]
[Date "2015.10.02"]
[Round "3.16"]
[White "Mix, Lothar"]
[Black "Falge, Rainer"]
[Result "0-1"]
[WhiteElo "1241"]
[BlackElo "1748"]
[PlyCount "60"]
[EventDate "2015.??.??"]
[WhiteTeam "SG Solingen"]
[BlackTeam "SG Solingen"]

1. e4 d6 2. Nc3 Nf6 3. d4 g6 4. Nf3 Bg7 5. Bc4 c5 6. dxc5 Qa5 7. Bxf7+ Kxf7 8.
Ng5+ Ke8 9. O-O Qxc5 10. Be3 Qc7 11. Nd5 Qd7 12. Nxf6+ Bxf6 13. c3 Bxg5 14.
Bxg5 Nc6 15. Bh6 Qg4 16. f3 Qe6 17. Qd2 Rg8 18. Rae1 Qxa2 19. f4 Qc4 20. e5
dxe5 21. fxe5 Bf5 22. Rf4 Qc5+ 23. Kh1 Rd8 24. Qc1 Qd5 25. Rff1 Qe6 26. b4 Rd5
27. Qa3 Rxe5 28. Rc1 g5 29. b5 Rxb5 30. c4 Re5 0-1

[Event "Solingen-ch 2015"]
[Site "Solingen"]
[Date "2015.10.02"]
[Round "3.17"]
[White "Möller, Laura"]
[Black "Johann, Hans Werner"]
[Result "1/2-1/2"]
[WhiteElo "1736"]
[BlackElo "1332"]
[PlyCount "53"]
[EventDate "2015.??.??"]
[WhiteTeam "SG Solingen"]
[BlackTeam "TV Witzhelden"]

1. c4 e5 2. Nc3 Nc6 3. g3 Nf6 4. Bg2 Be7 5. Nf3 d6 6. O-O O-O 7. e4 a6 8. d4
exd4 9. Nxd4 Nxd4 10. Qxd4 c5 11. Qd3 Rb8 12. Nd5 Be6 13. Nxe7+ Qxe7 14. b3
Rfd8 15. Qc3 Ne8 16. Bf4 f6 17. Rad1 b6 18. Be3 a5 19. f4 Bc8 20. f5 Bb7 21.
Rf4 Qe5 22. Qc2 Nc7 23. a3 Ba6 24. Qe2 b5 25. cxb5 Bxb5 26. Qh5 Qe8 27. Qxe8+
1/2-1/2

[Event "Solingen-ch 2015"]
[Site "Solingen"]
[Date "2015.10.02"]
[Round "3.18"]
[White "Schubert, Florian"]
[Black "Fodor, Bernhard"]
[Result "1/2-1/2"]
[WhiteElo "1137"]
[BlackElo "1381"]
[PlyCount "42"]
[EventDate "2015.??.??"]
[WhiteTeam "SG Solingen"]
[BlackTeam "SG Solingen"]

1. e4 c5 2. Nf3 Nc6 3. Nc3 e6 4. d3 h6 5. Be3 d6 6. Be2 Nf6 7. d4 a6 8. a3 cxd4
9. Nxd4 Bd7 10. O-O Be7 11. Bc1 Na7 12. b4 Qc8 13. Bb2 b5 14. Bf3 Rb8 15. Re1
O-O 16. Qe2 e5 17. Nf5 Bxf5 18. exf5 Nc6 19. Nd5 Nxd5 20. Bxd5 Bf6 21. Rac1 Bg5
1/2-1/2

[Event "Solingen-ch 2015"]
[Site "Solingen"]
[Date "2015.10.02"]
[Round "3.19"]
[White "Wolf, Wieland"]
[Black "Schubert, Stefan"]
[Result "0-1"]
[WhiteElo "1374"]
[BlackElo "1133"]
[PlyCount "88"]
[EventDate "2015.??.??"]
[WhiteTeam "SG Solingen"]
[BlackTeam "SG Solingen"]

1. d4 d5 2. c4 Nf6 3. cxd5 Nxd5 4. e4 Nb6 5. Nf3 e6 6. Be2 Be7 7. O-O O-O 8.
Bf4 c5 9. dxc5 Bxc5 10. Qc2 Bd6 11. e5 Be7 12. Rd1 N8d7 13. Bd3 g6 14. a3 Re8
15. Nc3 Qc7 16. Rac1 a5 17. Qe2 Nc5 18. Nb5 Qb8 19. Bb1 Nd5 20. Be3 Nxe3 21.
Qxe3 b6 22. b4 axb4 23. axb4 Nd7 24. Nc7 Rd8 25. Nxa8 Qxa8 26. Nd4 Bxb4 27. Nc6
Bc5 28. Rxc5 bxc5 29. Nxd8 Qa7 30. Nc6 Qc7 31. Ne7+ Kg7 32. Nxc8 Qxc8 33. f4
Nb6 34. Rc1 Nd7 35. Bd3 Qc6 36. Rb1 c4 37. Rc1 Nb6 38. Bxc4 Nxc4 39. Qc3 Qb6+
40. Kh1 Ne3 41. Qc7 Qb2 42. Rg1 Ng4 43. h3 Qf2 44. hxg4 Qh4# 0-1